000 00390nam a22001457a 4500
999 _c15289
_d15289
020 _a0716702452
020 _a978-0716702450
100 _aPark, Charles Frederick
245 _aOre Deposits
260 _bSan francisco Freeman and co
_c1971
650 _aOre deposits.
650 _aGeology
856 _uhttps://www.amazon.com/Ore-Deposits-2nd-Books-Geology/dp/0716702452
942 _cBK